| 000 | 01644nam a2200433 a 4500 | ||
|---|---|---|---|
| 999 |
_c60080 _d60080 |
||
| 003 | BLK | ||
| 005 | 20240913160933.0 | ||
| 008 | 180408b bul|||||r ||||||| ||bul|| | ||
| 010 | _aKNG00064211000 | ||
| 040 | _aBLK | ||
| 041 |
_aBUL _cBUL |
||
| 072 | 7 |
_2bullib _aК _xКраезнание |
|
| 080 |
_aКорабостроителни заводи. Докове _b629.128 _x(09) _z629.128(09) |
||
| 100 | 1 |
_aПетров, Костадин _eпърви автор _9278995 |
|
| 139 |
_aПетров, Костадин и др. _bП 47 |
||
| 245 | 1 | 0 |
_aДунавски корабостроители _bИстор. очерк _cКостадин Петров; съавт. Гинка Иванова; съавт. Продан Бенчев. |
| 257 | _aBGR | ||
| 260 |
_bПрофиздат _c1971 _aСофия |
||
| 300 |
_a336 с. _bс ил., портр. и табл. _c22 см |
||
| 380 | _a62 | ||
| 504 | _aБиблиогр. с. 267-272. | ||
| 650 | 4 |
_aКорабостроене - България - история _9250336 |
|
| 651 | 4 |
_aРусе _9179462 |
|
| 653 | _aзаводи | ||
| 653 | _aкорабостроене | ||
| 653 | _aРусенска корабостроителница | ||
| 659 | _aК | ||
| 700 | 1 |
_aИванова, Гинка _eсъавт. _9289588 |
|
| 700 | 1 |
_aБенчев, Продан _eсъавт. _9289589 |
|
| 852 | _aЦб 60307 | ||
| 852 | _aК 62/П 47 К | ||
| 856 | 4 | _qpdf | |
| 856 | 4 | _qpdf | |
| 942 |
_cKNG _n0 _s1 _04 |
||
| 944 |
_aCR _c13.06.2004 _k30558 _lВаля Йорданова |
||
| 944 |
_aED _c13.05.2015 _kВаля_Йорданова |
||
| 999 | _d60080 | ||
| 999 | _d60080 | ||